000 01236nac a22002651u 4500
008 100906t xxu||||| |||| 00| 0 eng d
010 _a2001045144
020 _a0130308978
020 _a812032370x
082 0 0 _a005.276
_bD325
100 _aDeitel, Harvey M.,
_918268
245 1 0 _aInternet & World Wide Web :
_bhow to program /
_cH.M. Deitel, P.J. Deitel, T.R. Nieto.
246 3 _aInternet and World Wide Web
250 _a2nd ed.
260 _aUpper Saddle River, N.J. :
_bPrentice Hall of India,
_cc2003.
300 _alvii, 1428 p. :
_bcol. ill .;
_c23 cm. +
_e1 CD-ROM (4 3/4 in.)
504 _aIncludes bibliographical references and index.
650 0 _aInternet programming.
_918269
650 0 _aWorld Wide Web.
_918270
700 1 _aDeitel, Paul J.
_918271
700 1 _aNieto, T. R.
_q(Tem R.)
_918272
942 _cBB
_k005.276D325
_2ddc
999 _c564
_d564